| 000 | 00987nam a2200241Ia 4500 | ||
|---|---|---|---|
| 001 | Z_4302 | ||
| 008 | 220601s9999 xx 000 0 und d | ||
| 082 | _aC 636.20897 O73 | ||
| 100 |
_aOrdoñez Medina, Rafael _9136027 |
||
| 245 | _aAtlas de técnicas quirúrgicas en bovinos / Rafael Ordoñez M.; colaboración Consuelo Velázquez C.; ilustraciones Hector Ortíz M. y Pedro Otero V.; redacción Lorenzo R. Avila F.; mecanografía Gloria L. Romero M. | ||
| 260 | _aMéxico : R. Ordoñez M. | ||
| 300 | _a147 p. | ||
| 503 | _aej.1: s/n | ||
| 650 | _a1. Ganado bovino | ||
| 650 | _aBovinos -- Cirugia | ||
| 650 |
_aCirugía veterinaria _923436 |
||
| 700 |
_aVelázquez C., Consuelo, colab. \ Ortíz M., Hector, il. \ Otero V., Pedro, il. \ Avila F. Lorenzo R., redacción \ Romero M., Gloria L., mecanografíaÌ _9181225 |
||
| 901 | _aC 636.20897 O73 | ||
| 902 | _aM | ||
| 905 | _a3232271985 mx a 8281113311spa16 | ||
| 942 | _c1 | ||
| 999 |
_c216931 _d216931 |
||